[Event "DSOL 06 Liga Gr-D 1st"]
[Site "Playchess.com INT"]
[Date "2020.06.26"]
[Round "1.1"]
[White "Reiling, Percy"]
[Black "Hildebrandt, Alexander"]
[Result "1/2-1/2"]
[WhiteElo "1623"]
[BlackElo "1663"]
[PlyCount "72"]
[EventDate "2020.06.22"]
[EventType "team-tourn (rapid)"]
[EventCountry "GER"]
[SourceTitle "EXT 2021"]
[Source "ChessBase"]
[SourceDate "2020.10.23"]
[SourceVersion "1"]
[SourceVersionDate "2020.10.23"]
[SourceQuality "1"]
[WhiteTeam "Ersingen"]
[BlackTeam "Hamburger SK VI"]
[WhiteTeamCountry "GER"]
[BlackTeamCountry "GER"]

1. d4 d5 2. c4 e6 3. Nc3 Nf6 4. Nf3 Bb4 5. Bd2 0-0 6. a3 Be7 7. e3 Nbd7 8. cxd5 Nxd5 9. b4 a5 10. Nxd5 exd5 11. bxa5 c5 12. dxc5 Nxc5 13. Bb4 Ne4 14. Bd3 Bg4 15. 0-0 Bxb4 16. axb4 Qe7 17. h3 Bh5 18. g4 Bg6 19. b5 h5 20. Bxe4 Bxe4 21. Nd4 hxg4 22. Qxg4 Rfd8 23. Rfc1 Rd6 24. Nf5 Bxf5 25. Qxf5 Rg6+ 26. Kf1 d4 27. exd4 Qh4 28. a6 bxa6 29. Rc8+ Rxc8 30. Qxc8+ Kh7 31. Rxa6 Rg5 32. Qc2+ g6 33. Qd3 Rd5 34. b6 Rxd4 35. Qb3 Kg7 36. Ra7 Rf4 1/2-1/2